Every Song by Steely Dan - Statistics

General Stats
  • This quiz has been taken 36 times
  • The average score is 41 of 86
Answer Stats
Album Song % Correct
Aja(1977) Aja
96%
Can't Buy a Thrill(1972) Do It Again
88%
Can't Buy a Thrill(1972) Reelin' in the Years
88%
Aja(1977) Deacon Blues
83%
Gaucho(1980) Gaucho
83%
The Royal Scam(1976) Kid Charlemagne
83%
Can't Buy a Thrill(1972) Kings
83%
Aja(1977) Peg
83%
Can't Buy a Thrill(1972) Dirty Work
79%
Aja(1977) Josie
79%
Aja(1977) Black Cow
75%
Pretzel Logic(1974) Pretzel Logic
75%
Pretzel Logic(1974) Rikki Don't Lose That Number
75%
The Royal Scam(1976) The Royal Scam
75%
Gaucho(1980) Babylon Sisters
71%
Countdown to Ecstasy(1973) Bodhisattva
71%
Can't Buy a Thrill(1972) Brooklyn (Owes the Charmer Under Me)
71%
Gaucho(1980) Hey Nineteen
71%
Aja(1977) Home at Last
71%
Aja(1977) I Got the News
71%
Countdown to Ecstasy(1973) My Old School
71%
The Royal Scam(1976) Haitian Divorce
63%
The Royal Scam(1976) The Fez
63%
Countdown to Ecstasy(1973) Your Gold Teeth
63%
Katy Lied(1975) Doctor Wu
58%
The Royal Scam(1976) Don't Take Me Alive
58%
The Royal Scam(1976) Green Earrings
58%
Can't Buy a Thrill(1972) Midnite Cruiser
58%
Can't Buy a Thrill(1972) Only a Fool Would Say That
58%
The Royal Scam(1976) The Caves of Altamira
58%
Can't Buy a Thrill(1972) Turn That Heartbeat Over Again
58%
Everything Must Go(2003) Everything Must Go
54%
Can't Buy a Thrill(1972) Fire in the Hole
54%
Two Against Nature(2000) Two Against Nature
54%
Katy Lied(1975) Bad Sneakers
50%
Katy Lied(1975) Black Friday
50%
Can't Buy a Thrill(1972) Change of the Guard
50%
Katy Lied(1975) Everyone's Gone to the Movies
50%
Gaucho(1980) My Rival
50%
Katy Lied(1975) Your Gold Teeth II
50%
Pretzel Logic(1974) Any Major Dude Will Tell You
46%
Two Against Nature(2000) Cousin Dupree
46%
Gold(1982) FM (No Static at All)
46%
Gaucho(1980) Glamour Profession
46%
Gaucho(1980) Third World Man
46%
The Royal Scam(1976) Everything You Did
42%
Two Against Nature(2000) Gaslighting Abbie
42%
The Royal Scam(1976) Sign In Stranger
42%
Gaucho(1980) Time Out of Mind
42%
Pretzel Logic(1974) Barrytown
38%
Pretzel Logic(1974) Charlie Freak
38%
Pretzel Logic(1974) Night by Night
38%
Countdown to Ecstasy(1973) Show Biz Kids
38%
Katy Lied(1975) Any World (That I'm Welcome To)
33%
Katy Lied(1975) Daddy Don't Live in that New York City No More
33%
Everything Must Go(2003) Godwhacker
33%
Countdown to Ecstasy(1973) King of the World
33%
Countdown to Ecstasy(1973) Pearl of the Quarter
33%
Everything Must Go(2003) Pixeleen
33%
Countdown to Ecstasy(1973) Razor Boy
33%
Katy Lied(1975) Rose Darling
33%
Countdown to Ecstasy(1973) The Boston Rag
33%
Pretzel Logic(1974) Through with Buzz
33%
Pretzel Logic(1974) With a Gun
33%
Katy Lied(1975) Chain Lightning
29%
Two Against Nature(2000) Negative Girl
29%
Everything Must Go(2003) Blues Beach
25%
Steely Dan(1978) Dallas
25%
Two Against Nature(2000) Jack of Speed
25%
Pretzel Logic(1974) Monkey in Your Soul
25%
Pretzel Logic(1974) Parker's Band
25%
Everything Must Go(2003) Slang of Ages
25%
Everything Must Go(2003) Things I Miss the Most
25%
Katy Lied(1975) Throw Back the Little Ones
25%
Two Against Nature(2000) What a Shame About Me
25%
Two Against Nature(2000) Almost Gothic
21%
Everything Must Go(2003) Green Book
21%
Greatest Hits(1978) Here at the Western World
21%
Two Against Nature(2000) Janie Runaway
21%
Everything Must Go(2003) The Last Mall
21%
Two Against Nature(2000) West of Hollywood
21%
Everything Must Go(2003) Lunch with Gina
17%
Gold(Bonus)(1991) Century's End
8%
Alive in America(1995) Book of Liars
8%
Steely Dan(1978) Sail the Waterway
8%
Gold(Bonus)(1991) True Companion
8%
No matching quizzes found
Score Distribution
Percent of People with Each Score
Percentile by Number Answered
Your Score History
You have not taken this quiz